Designing for diversity : (Record no. 352492)
[ view plain ]
| 000 -LEADER | |
|---|---|
| fixed length control field | 00797 a2200229 4500 |
| 003 - CONTROL NUMBER IDENTIFIER | |
| control field | OSt |
| 005 - DATE AND TIME OF LATEST TRANSACTION | |
| control field | 20180116192336.0 |
| 008 - FIXED-LENGTH DATA ELEMENTS--GENERAL INFORMATION | |
| fixed length control field | 120518t xxu||||| |||| 00| 0 eng d |
| 010 ## - LIBRARY OF CONGRESS CONTROL NUMBER | |
| LC control number | 00011854 |
| 020 ## - INTERNATIONAL STANDARD BOOK NUMBER | |
| International Standard Book Number | 0252026411 (alk. paper) |
| 040 ## - CATALOGING SOURCE | |
| Transcribing agency | 0 |
| 082 00 - DEWEY DECIMAL CLASSIFICATION NUMBER | |
| Classification number | 720.8 |
| 100 1# - MAIN ENTRY--PERSONAL NAME | |
| Personal name | Anthony, Kathryn H. |
| 9 (RLIN) | 1729 |
| 245 10 - TITLE STATEMENT | |
| Title | Designing for diversity : |
| Remainder of title | gender, race, and ethnicity in the architectural profession / |
| Statement of responsibility, etc. | Kathryn H. Anthony. |
| 260 ## - PUBLICATION, DISTRIBUTION, ETC. | |
| Place of publication, distribution, etc. | Urbana : |
| Name of publisher, distributor, etc. | University of Illinois Press, |
| Date of publication, distribution, etc. | c2001. |
| 300 ## - PHYSICAL DESCRIPTION | |
| Extent | xi, 256 p. : |
| Other physical details | ill. ; |
| Dimensions | 25 cm. |
| 500 ## - GENERAL NOTE | |
| General note | Includes index |
| 650 #0 - SUBJECT ADDED ENTRY--TOPICAL TERM | |
| Topical term or geographic name entry element | Women architects |
| Geographic subdivision | United States |
| 9 (RLIN) | 1730 |
| 650 #0 - SUBJECT ADDED ENTRY--TOPICAL TERM | |
| Topical term or geographic name entry element | Women in the professions |
| Geographic subdivision | United States |
| 9 (RLIN) | 1731 |
| 942 ## - ADDED ENTRY ELEMENTS (KOHA) | |
| Institution code [OBSOLETE] | SADA |
| Koha item type | Book |
| Call number prefix | 720.8 ANT 2001 |
| Source of classification or shelving scheme | |
| Withdrawn status | Lost status | Source of classification or shelving scheme | Damaged status | Not for loan | Permanent Location | Current Location | Date acquired | Total Checkouts | Full call number | Barcode | Date last seen | Date last checked out | Price effective from | Koha item type |
|---|---|---|---|---|---|---|---|---|---|---|---|---|---|---|
| School of Art Design and Architecture (SADA) | School of Art Design and Architecture (SADA) | 02/02/2011 | 2 | 720.8 ANT 2001 | SADA0000540 | 03/07/2014 | 03/06/2014 | 08/05/2011 | Book |
